000 00588nam a2200241Ia 4500
003 OSt
005 20221007094804.0
006 a|||||r|||| 00| 0
007 ta
008 221006b |||||||| |||| 00| 0 eng d
024 _a54
037 _cTextual
040 _aLCO
_cLCO
_beng
041 _2eng
_aeng
082 _aZk, M2
100 _aBISWAS A.R
245 0 _aEncyclopaedia Law Dictionary
260 _aCalcutta
_bDe Books
_c1982
300 _a694
650 _aLAW DICTIONARY
_9700591
942 _hZk, M2
_cTEXL
999 _c1169617
_d1169617